Paroles - Here's to you - Joan Baez - Statistiques

Statistiques générales
  • Ce quiz a été pris 24 fois
  • Le résultat moyen est 19 sur 24
Statistiques - réponses
Réponse % Correct
here
100%
to
100%
you
100%
Here's
95%
and
85%
and
85%
is
85%
is
85%
Nicola
85%
forever
80%
in
80%
The
80%
your
80%
Bart
75%
hearts
75%
our
75%
Rest
75%
moment
70%
triumph
70%
yours
70%
agony
65%
last
60%
final
55%
That
55%
Aucun quiz correspondant
Distribution des résultats
% des personnes avec chaque résultat
Percentile par nombre de réponses
Votre historique - résultats
Vous n’avez pas pris ce quiz